| 000 | 00561cam a2200181ua 4500 | ||
|---|---|---|---|
| 001 | 5829 | ||
| 008 | 131023n ii |||gr||||Z||||||eng | ||
| 040 | _cMAIN | ||
| 082 | _a954.162 | ||
| 245 |
_aThe Tai and The Tai Kingdoms : _bWith a Fuller Treatment of The Tai-Ahom Kingdom in The Brahmaputra Valley / _cBy Padmeswar Gogoi . |
||
| 250 | _a1st ed. | ||
| 260 |
_aGuwahati81-7331-015-7: _bLawyers Book Stall, _c1999. |
||
| 300 | _ax,541p. | ||
| 653 | _aHistory | ||
| 653 | _aThe Tai and The Tai Kingdoms | ||
| 700 |
_aGogoi,Padmeswar, _eAuthor., |
||
| 942 | _cBK | ||
| 999 |
_c4984 _d4984 |
||